000 00791nam a22002657a 4500
001 29201
003 UA-OsUOA
005 20210711222424.0
007 ta
008 20041004b un ||||| |||| 00| 0 ukr d
020 _a9660601425
040 _aUA-OsUOA
_bukr
_cUA-OsUOA
_dUA-OsUOA
041 _aukr
044 _aUA
080 _a811.161.2
090 _a811.161.2
_bП14
100 _aПаламар Л.М.
245 _aМова ділових паперів
_bпрактичний посіб.
260 _aК.
_bЛибідь
_c2000
300 _a296 с.
650 7 _a8 Мовознавство. Художня література. Літературознавство
_2UDC
942 _cBK
_2udc
955 _a2
999 _c315582
_d315582